Siphonophores and velellids: keys and notes for the identification of the species
Gespeichert in:
| Hauptverfasser: | , |
|---|---|
| Format: | Buch |
| Sprache: | Englisch |
| Veröffentlicht: |
Londres
The Linnean Society of London
1984
Londres The Estuarine and Brackish-Water Sciences Association 1984 |
| Schriftenreihe: | Synopses of the British fauna, 29
|
| Schlagworte: | |
| Tags: |
Tag hinzufügen
Keine Tags, Fügen Sie den ersten Tag hinzu!
|
MARC
| LEADER | 00000nam a2200000 a 4500 | ||
|---|---|---|---|
| 001 | UCV5332 | ||
| 003 | CL-VaPUC | ||
| 008 | 930329e19840000UK |||||||||||||||||eng|d | ||
| 082 | 0 | 4 | |a 593.5 |b KIR |2 21 |
| 100 | 0 | |a Kirkpatrick, P. A |e author |9 299660 | |
| 700 | 0 | |a Pugh, P. R |e author |9 299661 | |
| 245 | 1 | 0 | |a Siphonophores and velellids: keys and notes for the identification of the species |
| 300 | |a 154 p | ||
| 942 | |c BK | ||
| 945 | |d 19930329 00:00:00 | ||
| 260 | |a Londres |b The Linnean Society of London |c 1984 | ||
| 260 | |a Londres |b The Estuarine and Brackish-Water Sciences Association |c 1984 | ||
| 650 | 0 | |a Invertebrados |9 261302 | |
| 650 | 7 | |a CELENTEREOS |2 CL-VaPUC |9 262068 | |
| 583 | |a last modification |c 20120511 11:11:44 |k Rodrigo Vera | ||
| 490 | 0 | |a Synopses of the British fauna, 29 | |
| 999 | |c 211888 |d 211886 | ||
| 952 | |0 0 |1 0 |2 ddc |4 0 |6 593_500000000000000_KIR_1984_1984 |7 0 |8 CCM |9 191910 |a BIBCUR |b BIBCUR |c PAC |d 2019-11-14 |i 2594390 |o 593.5 KIR 1984 1984 |p 2594390 |r 2025-04-22 |w 2019-11-14 |y BK |k CIM | ||